Normal view
MARC view
Entry Topical Term
001 - CONTROL NUMBER
- control field: 60742
003 - CONTROL NUMBER IDENTIFIER
- control field: dpl
005 - DATE AND TIME OF LATEST TRANSACTION
- control field: 20240108124523.0
008 - FIXED-LENGTH DATA ELEMENTS
- fixed length control field: 240108|| aca||aabn | a|a d
040 ## - CATALOGING SOURCE
- Original cataloging agency: dpl
- Transcribing agency: dpl
150 ## - HEADING--TOPICAL TERM
- Topical term or geographic name as entry element: Short Stories, Hindi
670 ## - SOURCE DATA FOUND
- Source citation: Work cat.: (dpl)74088: सरना, महिंदर सिंह 60740, एक नया ताजमहलः, 2009
